Análisis y diseño de sistemas
Guardado en:
| Autores principales: | , |
|---|---|
| Formato: | Libro |
| Lenguaje: | español |
| Publicado: |
Ciudad de México
Pearson Educación de México
2005
|
| Edición: | 6a. ed |
| Materias: | |
| Etiquetas: |
Agregar Etiqueta
Sin Etiquetas, Sea el primero en etiquetar este registro!
|
MARC
| LEADER | 00000nam a2200000 a 4500 | ||
|---|---|---|---|
| 001 | UCI2956 | ||
| 003 | CL-VaPUC | ||
| 008 | 071005e20050000MX |||||||||||||||||spa|d | ||
| 020 | |a 9702605776 | ||
| 082 | 0 | 4 | |a 003 |b KEN |2 21 |
| 100 | |a Kendall, Kenneth E |e author |9 561911 | ||
| 700 | 0 | |a Kendall, Julie E |e author |9 524231 | |
| 245 | 1 | 0 | |a Análisis y diseño de sistemas |
| 250 | |a 6a. ed | ||
| 300 | |a 726 p | ||
| 942 | |c BK | ||
| 945 | |d 20071005 00:00:00 |a cmena | ||
| 260 | |a Ciudad de México |b Pearson Educación de México |c 2005 | ||
| 650 | 0 | |a Análisis de sistemas |9 260059 | |
| 650 | 0 | |a Diseño de sistemas |9 262363 | |
| 650 | 0 | |a Sistemas de información |9 260286 | |
| 650 | 0 | |a Procesamiento electrónico de datos |9 259457 | |
| 650 | 0 | |a Diseño de bases de datos |9 384787 | |
| 650 | 0 | |a Software |9 387312 | |
| 583 | |a last modification |c 20071005 00:00:00 |k Rodrigo Vera | ||
| 999 | |c 327365 |d 327363 | ||
| 952 | |0 0 |1 0 |2 ddc |4 0 |6 003_000000000000000_KEN_2005 |7 0 |8 A |9 410128 |a BIBING |b BIBING |c RES |d 2019-11-22 |i 4332466 |o 003 KEN 2005 |p 4332466 |r 2025-01-20 |w 2019-11-22 |y BK |k CCI | ||
| 952 | |0 0 |1 0 |2 ddc |4 0 |6 003_000000000000000_KEN_2005 |7 0 |8 A |9 410129 |a BIBING |b BIBING |c RES |d 2019-11-22 |i 4336003 |o 003 KEN 2005 |p 4336003 |r 2025-01-20 |w 2019-11-22 |y BK |k CCI | ||
| 952 | |0 0 |1 0 |2 ddc |4 0 |6 003_000000000000000_KEN_2005 |7 0 |8 A |9 410130 |a BIBING |b BIBING |c RES |d 2019-11-22 |i 4336011 |o 003 KEN 2005 |p 4336011 |r 2025-01-20 |w 2019-11-22 |y BK |k CCI | ||
| 952 | |0 0 |1 0 |2 ddc |4 0 |6 003_000000000000000_KEN_2005 |7 0 |8 A |9 410131 |a BIBING |b BIBING |c RES |d 2019-11-22 |i 433602K |o 003 KEN 2005 |p 433602K |r 2025-01-20 |w 2019-11-22 |y BK |k CCI | ||